[Event "Open ch-SVK A"]
[Site "Banska Stiavnica SVK"]
[Date "2011.07.10"]
[Round "2"]
[White "Pacher,M"]
[Black "Petrik,T"]
[Result "0-1"]
[WhiteElo "2408"]
[BlackElo "2505"]

1.e4 e6 2.d4 d5 3.Nc3 Bb4 4.e5 Ne7 5.a3 Bxc3+ 6.bxc3 c5 7.Qg4 Qc7 8.Qxg7 Rg8
9.Qxh7 cxd4 10.Ne2 Nbc6 11.f4 dxc3 12.Qd3 d4 13.Nxd4 Nxd4 14.Qxd4 Bd7 15.Rg1 Nf5
16.Qf2 Qc6 17.Bd3 Qd5 18.Rb1 Bc6 19.Rb3 O-O-O 20.Rxc3 Kb8 21.g3 Nd4 22.Be3 Nf3+
23.Kd1 Nxg1 24.Bxa7+ Ka8 25.Qxg1 Bb5 26.Bb6 Bxd3 27.Rxd3 Qb5 28.Rd6 Rc8 29.Kc1 Qb3
30.Qf2 Qxa3+ 31.Kd1 Rc4 32.Qd2 Qf3+ 33.Kc1 Qa3+ 34.Kd1 Rgc8 35.Rd8 Qf3+ 36.Kc1 Qa3+
37.Kd1 Qa1+ 38.Ke2 Qa6 39.Qa5 Rxc2+ 40.Kf3 Rxd8 41.Bxd8  0-1

[Event "10th Condom GM"]
[Site "Condom FRA"]
[Date "2011.07.11"]
[Round "4"]
[White "Lagarde,Max"]
[Black "Barsov,A"]
[Result "1-0"]
[WhiteElo "2433"]
[BlackElo "2534"]

1.e4 e6 2.d4 d5 3.Nc3 Bb4 4.e5 Ne7 5.a3 Bxc3+ 6.bxc3 c5 7.h4 Qa5 8.Bd2 Nbc6
9.h5 Bd7 10.h6 gxh6 11.Nf3 Ng8 12.Rb1 O-O-O 13.Rb5 Qxa3 14.Qb1 c4 15.Rxb7 Qa6
16.Rb2 Kc7 17.Be2 Rb8 18.Rxb8 Nxb8 19.Qb4 Qc8 20.Bxh6 Nxh6 21.Rxh6 Qg8 22.Qe7 Qg7
23.Rf6 Rf8 24.Ng5 Rg8 25.f4 Kc8 26.Rxf7 Qg6 27.Kd2 h6 28.Rf6 Qg7 29.Qc5+ Kb7
30.Nxe6 Qxg2 31.Qc7+ Ka8 32.Nc5 Bc8 33.Rf7  1-0

[Event "St Pauli Open"]
[Site "Hamburg GER"]
[Date "2011.07.11"]
[Round "4.15"]
[White "Zimmermann,Ju"]
[Black "Franke,L"]
[Result "1-0"]
[WhiteElo "2331"]
[BlackElo "2123"]

1.e4 e6 2.d4 d5 3.Nc3 Bb4 4.e5 b6 5.a3 Bf8 6.Bb5+ Bd7 7.Bd3 c5 8.f4 Nc6 9.Nf3 Nge7
10.Be3 Nf5 11.Bxf5 exf5 12.dxc5  1-0

[Event "Myrhorod Open A"]
[Site "Myrhorod UKR"]
[Date "2011.07.11"]
[Round "5.3"]
[White "Budnikov,O"]
[Black "Bilokha,S"]
[Result "1-0"]
[WhiteElo "2428"]
[BlackElo "2218"]

1.e4 e6 2.d4 d5 3.Nc3 Bb4 4.e5 Qd7 5.Qg4 f5 6.Qh5+ Qf7 7.Qd1 Nc6 8.a3 Bxc3+
9.bxc3 Bd7 10.Bd3 Nge7 11.Nf3 h6 12.h4 g6 13.a4 Na5 14.Nd2 O-O-O 15.Nb3 Nec6
16.Nc5 Be8 17.Qe2 b6 18.Nb3 Bd7 19.Ba3 g5 20.Nxa5 Nxa5 21.Bb4 Nc6 22.a5 Nxb4
23.cxb4 Bc6 24.c3 Rdg8 25.h5 g4 26.Ra3 f4 27.axb6 axb6 28.b5 Bb7 29.Qa2 Kd7
30.Kd2 Ra8 31.Kc2 Rxa3 32.Qxa3 Ra8 33.Qb3 Qe7 34.Kb2 Qg5 35.Kb1 Ra5 36.Qb2 Ra8
37.Qd2 Rf8 38.g3 Ke7 39.Kc2 Bc8 40.Rh4 Bd7 41.Kc1 Be8 42.Rh1 Bd7 43.Be2 Be8
44.Kd1 Kd7 45.Ke1 Kc8 46.Kd1 Kd7 47.Kc1 Ke7 48.c4 dxc4 49.Bxc4 fxg3 50.Qxg5+ hxg5
51.fxg3 c6 52.h6 cxb5 53.Bd3 Rh8 54.h7 Bf7 55.Kb2 Kf8 56.Rc1 Kg7 57.Rc7 Rf8
58.d5  1-0

[Event "8th South Wales Int"]
[Site "Penarth WLS"]
[Date "2011.07.11"]
[Round "5.10"]
[White "Rayner,F"]
[Black "Johannsson,O"]
[Result "1-0"]
[WhiteElo "2140"]
[BlackElo "1889"]

1.e4 e6 2.d4 d5 3.Nc3 Bb4 4.e5 b6 5.Qg4 Bf8 6.Nf3 Nc6 7.a3 Bb7 8.Bd3 Qd7
9.Bg5 f6 10.Qh5+ Qf7 11.Qxf7+ Kxf7 12.exf6 gxf6 13.Bf4 Bd6 14.Bxd6 cxd6 15.O-O-O Nge7
16.Rhe1 Rad8 17.Bf1 e5 18.g3 Bc8 19.h3 Be6 20.Nb5 Rd7 21.Nc3 Na5 22.Nb5 e4
23.Ng1 Rc8 24.a4 Nc4 25.b3 Na5 26.Kb2 h5 27.h4 Ng6 28.Rd2 f5 29.Nh3 Kf6 30.Ng5 a6
31.Na3 b5 32.axb5 axb5 33.Nxb5 Rb8 34.Ra1 Nc6 35.Ra6 Rc8 36.Be2 Ke7 37.Bxh5 Nf8
38.Be2 Rb7 39.h5 Bd7 40.Nc3 Nb4 41.Ra5 Ne6 42.Nxe6 Kxe6 43.Nd1 Rbc7 44.Ne3 Rc3
45.Ra1 R3c7 46.Bd1 Nc6 47.Ng2 Ne7 48.Nf4+ Kf6 49.Ra5 Be6 50.Ra6 Rd7 51.Be2 Bf7
52.Bb5 Rdd8 53.Rd1 Rb8 54.Be2 Rd7 55.Rda1 Rh8 56.Rb6 Nc8 57.Rb8 Rc7 58.Raa8 Rg8
59.Ba6 Ne7 60.h6 Rxb8 61.Rxb8 Bg6 62.Rf8+ Kg5 63.Ne6+  1-0

[Event "10th Condom Open A"]
[Site "Condom FRA"]
[Date "2011.07.12"]
[Round "5.5"]
[White "Stets,D"]
[Black "Marciniak,A"]
[Result "1/2-1/2"]
[WhiteElo "2486"]
[BlackElo "2193"]

1.e4 e6 2.d4 d5 3.Nc3 Bb4 4.e5 Ne7 5.a3 Bxc3+ 6.bxc3 b6 7.Qg4 Ng6 8.h4 h5
9.Qg3 Ba6 10.Ne2 Kf8 11.a4 Nc6 12.Nf4 Bxf1 13.Nxg6+ fxg6 14.Qxg6 Ne7 15.Qxe6 Bxg2
16.Rg1 Bf3 17.Rxg7 Kxg7 18.Qf6+ Kg8 19.Qg5+ Kh7 20.Qh6+  1/2-1/2

[Event "Lev Polugaevsky Mem"]
[Site "Samara RUS"]
[Date "2011.07.12"]
[Round "8"]
[White "Gabrielian,A"]
[Black "Borisenko,An"]
[Result "1/2-1/2"]
[WhiteElo "2539"]
[BlackElo "2376"]

1.e4 e6 2.d4 d5 3.Nc3 Bb4 4.e5 Ne7 5.a3 Bxc3+ 6.bxc3 b6 7.Qg4 Ng6 8.h4 h5
9.Qd1 Qd7 10.Be2 Ba6 11.Bxh5 Qb5 12.Nh3 Nc6 13.Ng5 Nce7 14.Be2 Qxe2+ 15.Qxe2 Bxe2
16.Kxe2 Rxh4 17.Rxh4 Nxh4 18.g3 Nhg6 19.a4 Nf8 20.Ba3 f6 21.Nf3 Nc6 22.Rh1 O-O-O
23.Bxf8 Rxf8 24.Rh7 Rg8 25.exf6 gxf6 26.Rf7 f5 27.Nh4 a5 28.Ng2 Re8 29.Nf4 Kd8
30.f3 Re7 31.Rf6 Kd7 32.g4 fxg4 33.fxg4 Nd8 34.Ng6 Rg7 35.Ke3 Kd6 36.Ne5 Ke7
37.Rh6 Nf7 38.Nxf7 Rxf7 39.Rh1 Kd6 40.g5 Rf5 41.Rg1 Ke7 42.g6 Kf8 43.g7+ Kg8
44.Rg6 Rf1 45.Kd2 Rf2+ 46.Kc1 Re2 47.Kd1 Re4 48.Kd2 c5 49.Kd3 Re1 50.Kd2 Re4
51.Kd3 Re1 52.Kd2 Re4  1/2-1/2

[Event "111th ch-SUI"]
[Site "Leukerbad SUI"]
[Date "2011.07.14"]
[Round "8"]
[White "Nuri,Kam"]
[Black "Hasenohr,B"]
[Result "1/2-1/2"]
[WhiteElo "2321"]
[BlackElo "2169"]

1.e4 e6 2.d4 d5 3.Nc3 Bb4 4.e5 Ne7 5.Bd2 c5 6.Nb5 Bxd2+ 7.Qxd2 O-O 8.f4 f6
9.Nf3 a6 10.Nd6 cxd4 11.Bd3 Nbc6 12.O-O g6 13.Rae1 Bd7 14.Qf2 fxe5 15.fxe5 Nxe5
16.Rxe5 Qc7 17.Rfe1 Qxd6 18.Qh4 Rxf3 19.gxf3 Rf8 20.Kg2 Nc6 21.Rg5 Kg7 22.Qg3 Qxg3+
23.hxg3 Kf6 24.Rg4 e5 25.Rh4 h5 26.a3 Rc8 27.Rhh1 Ne7 28.Re2 Ba4 29.Rhe1 Nf5
30.Kf2 Ne3 31.c3 Nd1+ 32.Kg1 e4 33.fxe4 dxc3 34.bxc3 Rxc3 35.e5+ Ke6 36.Bxg6 Rxg3+
37.Rg2 Rxg2+ 38.Kxg2 d4 39.Bxh5 Ne3+ 40.Kf2 Kxe5 41.Rxe3+  1/2-1/2

[Event "Oberwart Open"]
[Site "Oberwart AUT"]
[Date "2011.07.14"]
[Round "6"]
[White "Antal,T"]
[Black "Bukal,V jr"]
[Result "1/2-1/2"]
[WhiteElo "2256"]
[BlackElo "2415"]

1.e4 e6 2.d4 d5 3.Nc3 Bb4 4.e5 Ne7 5.a3 Bxc3+ 6.bxc3 b6 7.Qg4 Ng6 8.h4 h5
9.Qd1 Qd7 10.a4 Ba6 11.Bxa6 Nxa6 12.Qd3 Nb8 13.a5 Nc6 14.axb6 cxb6 15.Nf3 Na5
16.O-O Rc8 17.Bg5 Qc6 18.Ra3 Rc7 19.Nd2 Kd7 20.f4 Kc8 21.f5 Nf8 22.Qa6+ Qb7
23.Qb5 Qc6 24.Qa6+ Qb7 25.Qb5  1/2-1/2

[Event "16th Balaguer Open"]
[Site "Balaguer ESP"]
[Date "2011.07.17"]
[Round "1"]
[White "Ramon Solans,A"]
[Black "Fumas Fontova,Eudald"]
[Result "1-0"]
[WhiteElo "2280"]
[BlackElo "1637"]

1.e4 e6 2.d4 d5 3.Nc3 Bb4 4.e5 b6 5.Qg4 Bf8 6.f4 Nh6 7.Qf3 Nf5 8.Be3 c5 9.g4 Nxe3
10.Qxe3 cxd4 11.Qxd4 Qh4+ 12.Qf2 Qxg4 13.Bh3 Qg6 14.Nxd5 Qe4+ 15.Ne3 Bc5
16.Bg2 Qxe3+ 17.Qxe3 Bxe3 18.Nh3 O-O 19.Ke2 Nd7 20.Bxa8 Bxf4 21.Nxf4 Ba6+
22.Kd2 Rxa8 23.Rae1 Rd8 24.Kc1 Bb7 25.Rhg1 Nc5 26.Rd1 Rxd1+ 27.Rxd1 h6 28.b4 Na6
29.a3 Bc6 30.c4 Ba4 31.Rd8+ Kh7 32.Ra8 Bb3 33.Rxa7 Bxc4 34.Rxf7 Nb8 35.Rc7 Bb3
36.Kb2 Na6 37.Rc8 Ba4 38.Nxe6 Bd7 39.Nf8+  1-0

[Event "Najdorf Memorial"]
[Site "Warsaw POL"]
[Date "2011.07.18"]
[Round "5.21"]
[White "Delega,T"]
[Black "Abrahamyan,T"]
[Result "1/2-1/2"]
[WhiteElo "2176"]
[BlackElo "2343"]

1.e4 e6 2.d4 d5 3.Nc3 Bb4 4.e5 Ne7 5.Bd2 b6 6.f4 O-O 7.Nf3 Ba6 8.Ne2 Bxd2+
9.Qxd2 c5 10.c3 Nbc6 11.g3 cxd4 12.Nexd4 Bxf1 13.Rxf1 Qd7 14.Nxc6 Nxc6 15.Qd3 h6
16.h4 Rac8 17.Rd1 f6 18.exf6 Rxf6 19.Rf2 Kh8 20.Re2 Rcf8 21.Kd2 Qe7 22.Rde1 Qd7
23.Ne5 Nxe5 24.Rxe5 Rc8 25.a3 Rc4 26.f5 Rxf5 27.Rxf5 exf5 28.Re5 Re4 29.Rxd5 Qe6
30.c4 Kh7 31.b3 Qf6 32.Kc2 Qg6 33.Kc3 Qf6+ 34.Kc2 Qg6 35.Kc3 Qf6+  1/2-1/2

[Event "Czech Open G Rapid"]
[Site "Pardubice CZE"]
[Date "2011.07.21"]
[Round "6.14"]
[White "Antipov,M2"]
[Black "Stupak,K"]
[Result "1-0"]
[WhiteElo "2407"]
[BlackElo "2530"]

1.e4 e6 2.d4 d5 3.Nc3 Bb4 4.e5 b6 5.a3 Bf8 6.b4 c5 7.bxc5 bxc5 8.Nf3 Ne7
9.dxc5 Nec6 10.Be3 Nd7 11.Bb5 Qc7 12.O-O a6 13.Ba4 Bxc5 14.Nxd5 exd5 15.Qxd5 Bb7
16.Bxc5 O-O-O 17.Bd6 Ndxe5 18.Rfd1 Nxf3+ 19.gxf3 Qd7 20.Rab1 Qe6 21.Bxc6 Qxd5
22.Bxd5  1-0

[Event "Czech Open G Rapid"]
[Site "Pardubice CZE"]
[Date "2011.07.21"]
[Round "7.5"]
[White "Kravtsiv,M"]
[Black "Levin,Ev"]
[Result "1/2-1/2"]
[WhiteElo "2571"]
[BlackElo "2465"]

1.e4 e6 2.d4 d5 3.Nc3 Bb4 4.e5 Ne7 5.a3 Bxc3+ 6.bxc3 c5 7.Nf3 Qc7 8.a4 b6
9.Bb5+ Bd7 10.O-O h6 11.Bd3 Nbc6 12.Ba3 Na5 13.Nd2 O-O 14.Nb3 Nc4 15.Bc1 cxd4
16.cxd4 f5 17.a5 Nc6 18.axb6 axb6 19.Rxa8 Rxa8 20.Qe1 Ra4  1/2-1/2

[Event "15th Battle of Senta Open"]
[Site "Senta SRB"]
[Date "2011.07.22"]
[Round "8.16"]
[White "Siclovan,C"]
[Black "Sirotanovic,O"]
[Result "1/2-1/2"]
[WhiteElo "2116"]
[BlackElo "2275"]

1.e4 e6 2.d4 d5 3.Nc3 Bb4 4.e5 Ne7 5.a3 Bxc3+ 6.bxc3 c5 7.Qg4 Nf5 8.Bd3 h5
9.Qf4 Nc6 10.Nf3 Qa5 11.O-O Nce7 12.a4 c4 13.Bxf5 Nxf5 14.Bd2 Bd7 15.Rfb1 b6
16.Nh4 Nxh4 17.Qxh4 Qa6 18.Bc1 Qc8 19.Qg5 Kf8 20.Ba3+ Kg8 21.Bd6 Rh6 22.a5 b5
23.Re1 Kh7 24.Re3 f6 25.exf6 gxf6 26.Qh4 Kg7 27.Rg3+ Kf7 28.Qf4 Qh8 29.Bc5 a6
30.Re1 h4 31.Rg4 f5 32.Rg5 Rg6 33.Rxg6 Kxg6 34.Re3 Qh5 35.Rf3 Rg8 36.h3 Rg7
37.Bf8 Rf7 38.Bd6  1/2-1/2

[Event "Pays de Charleroi Open"]
[Site "Charleroi BEL"]
[Date "2011.08.01"]
[Round "3.9"]
[White "Baudoin,Olivier"]
[Black "Lacroix,B"]
[Result "0-1"]
[WhiteElo "1961"]
[BlackElo "2185"]

1.d4 e6 2.e4 d5 3.Nc3 Bb4 4.e5 b6 5.a3 Bf8 6.f4 Nh6 7.Nf3 Be7 8.Be3 Nf5 9.Qd2 h5
10.Bd3 a5 11.O-O-O c6 12.Rhg1 b5 13.Ne2 a4 14.c3 Na6 15.g4 hxg4 16.Rxg4 g6
17.Rdg1 Bd7 18.Ng3 Nxe3 19.Qxe3 Qb6 20.Ne2 O-O-O 21.Kb1 Kb8 22.Rc1 Rh3 23.Rg3 Rh5
24.Rf1 Ka7 25.Ng5 Be8 26.Rh3 Rxh3 27.Qxh3 c5 28.Qh7 b4 29.axb4 cxb4 30.c4 dxc4
31.Bxc4 Bxg5 32.fxg5 Qb7 33.Qh3 Nc7 34.Qd3 Nd5 35.Bxd5 Qxd5 36.Rc1 Bb5 37.Qe3 Bc4
38.Ka1 Kb6 39.Qd2 Qb5 40.Ng3 a3 41.Ne4 axb2+ 42.Kxb2 Ra8 43.Ra1 Rxa1 44.Kxa1 Qa4+
45.Kb1 Qb3+ 46.Kc1 Bd3 47.Qf2 Qb1+ 48.Kd2 Qc2+ 49.Ke3 Bxe4  0-1

[Event "ECT Open A"]
[Site "Borne NED"]
[Date "2011.08.02"]
[Round "2"]
[White "De Jongh,Adriaan"]
[Black "Mostertman,X"]
[Result "1-0"]
[WhiteElo "2222"]
[BlackElo "1942"]

1.e4 e6 2.d4 d5 3.Nc3 Bb4 4.e5 Ne7 5.a3 Bxc3+ 6.bxc3 c5 7.Qg4 O-O 8.Bd3 f5
9.exf6 Rxf6 10.Bg5 Nd7 11.Qh4 h6 12.Bxf6 Nxf6 13.Qg3 cxd4 14.cxd4 Qa5+ 15.Kf1 Bd7
16.Ne2 Rf8 17.Kg1 Bb5 18.h4 Nf5 19.Qe5 Re8 20.Rh3 Nd7 21.Qf4 Rf8 22.Bxf5 Rxf5
23.Qe3 Qa6 24.Ng3 Rf8 25.Re1 Re8 26.Nh5 e5 27.Rg3 Re7 28.Qf3 e4 29.Qf5 Bc4  1-0

[Event "Pays de Charleroi Open"]
[Site "Charleroi BEL"]
[Date "2011.08.02"]
[Round "5.11"]
[White "Baudoin,Olivier"]
[Black "Morozova,J"]
[Result "1-0"]
[WhiteElo "1961"]
[BlackElo "2109"]

1.d4 d5 2.e4 e6 3.Nc3 Bb4 4.e5 Ne7 5.a3 Bxc3+ 6.bxc3 c5 7.Nf3 Nbc6 8.Be2 Qa5
9.O-O O-O 10.Bd3 h6 11.Be3 b6 12.Qd2 f5 13.Rab1 Ba6 14.Bxh6 gxh6 15.Qxh6 Bxd3
16.Ng5 Rf7 17.cxd3 f4 18.Nxf7 Kxf7 19.Qf6+ Kg8 20.Qxe6+ Kh7 21.Qf7+ Kh8 22.c4 dxc4
23.d5 cxd3 24.dxc6 Nxc6 25.Qf6+ Kg8 26.Qxc6 Rd8 27.Qg6+ Kf8 28.Qf6+ Ke8 29.e6  1-0

[Event "20th ZMDI Open A"]
[Site "Dresden GER"]
[Date "2011.08.12"]
[Round "7.6"]
[White "Fier,A"]
[Black "Andre,G"]
[Result "1/2-1/2"]
[WhiteElo "2566"]
[BlackElo "2368"]

1.e4 e6 2.d4 d5 3.Nc3 Bb4 4.e5 b6 5.Nh3 Nc6 6.Nf4 Bb7 7.Bb5 Qd7 8.O-O O-O-O
9.Na4 f5 10.Rb1 Qf7 11.c3 Bf8 12.b4 g5 13.Nd3 f4 14.Nac5 bxc5 15.bxc5 Kd7
16.Nb4 Ne7 17.c4 dxc4 18.Re1 Qg6 19.Bb2 a6 20.d5 Ke8 21.dxc6 Bc8 22.Qa4 axb5
23.Qxb5 Nd5 24.Nxd5 Rxd5 25.Qb8 Kd8 26.Bc3 Bg7 27.Rb7 Bxe5 28.Bb2 Qe4 29.Bc3 Qxe1+
30.Bxe1 c3 31.Ra7 c2 32.Qxc8+ Ke7 33.Rxc7+ Bxc7 34.Qxh8 c1=Q  1/2-1/2

[Event "XX TCh-MKD"]
[Site "Struga MKD"]
[Date "2011.08.12"]
[Round "5"]
[White "Stojcevski,Z"]
[Black "Nikoloski,K"]
[Result "1-0"]
[WhiteElo "2352"]
[BlackElo "2130"]

1.e4 e6 2.d4 d5 3.Nc3 Bb4 4.e5 b6 5.a3 Bf8 6.Bb5+ c6 7.Ba4 Ba6 8.Nce2 Ne7
9.c3 h5 10.Bg5 Qc7 11.Nf3 Nd7 12.O-O Nf5 13.Re1 Bxe2 14.Qxe2 Be7 15.Bc2 Qd8
16.Bxe7 Nxe7 17.h4 Ng8 18.Ng5 Nf8 19.Qf3 Qd7 20.c4 g6 21.Ba4 f5 22.exf6 O-O-O
23.f7 Ne7 24.Qf6 Rh6 25.Rxe6 Nxe6 26.Nxe6 Rhh8 27.Nxd8 Qxd8 28.Re1  1-0

[Event "e2e4 Int Masters D"]
[Site "Sunningdale ENG"]
[Date "2011.08.12"]
[Round "5"]
[White "Burrows,M"]
[Black "Lock,G"]
[Result "1/2-1/2"]
[WhiteElo "2168"]
[BlackElo "2194"]

1.e4 e6 2.d4 d5 3.Nc3 Bb4 4.e5 Ne7 5.a3 Bxc3+ 6.bxc3 b6 7.Qg4 Ng6 8.h4 h5
9.Qg3 Ba6 10.Bxa6 Nxa6 11.Ne2 Qd7 12.a4 Rc8 13.Qd3 Nb8 14.Qf3 c5 15.Ng3 Nc6
16.Nxh5 cxd4 17.Ba3 Ncxe5 18.Nxg7+ Kd8 19.Qf6+ Kc7 20.cxd4 Nc4 21.Qf3 Kb7
22.g3 f5 23.Nh5 Qxa4 24.O-O Nxa3 25.Rxa3 Qxd4 26.Qe2 Rc6 27.Qa6+ Kc7 28.Qxa7+ Kd6
29.Ra4 Qc3 30.Nf4 Ne5 31.Ne2 Qd2 32.Nd4 Rg8 33.Nxc6 Nxc6 34.Qxb6 f4 35.Ra6 Qc3
36.Kg2 Rxg3+ 37.fxg3 Qxg3+ 38.Kh1 Qh3+ 39.Kg1 Qg3+ 40.Kh1 Qh3+  1/2-1/2

[Event "23rd ch-Southern California"]
[Site "Beverly Hills USA"]
[Date "2011.08.14"]
[Round "4"]
[White "Peters,Ja"]
[Black "Abrahamyan,T"]
[Result "1-0"]
[WhiteElo "2377"]
[BlackElo "2343"]

1.e4 e6 2.d4 d5 3.Nc3 Bb4 4.e5 Ne7 5.a3 Bxc3+ 6.bxc3 c5 7.Nf3 Nbc6 8.a4 Qa5
9.Qd2 b6 10.Bb5 Ba6 11.Rb1 O-O 12.O-O f6 13.exf6 Rxf6 14.Qe2 Bc8 15.Ne5 Nxe5
16.dxe5 Rf8 17.Bg5 Ng6 18.c4 dxc4 19.Qxc4 a6 20.Bc6 Nxe5 21.Qe4 Nxc6 22.Qxc6 Ra7
23.Qxb6 Qxb6 24.Rxb6 Bd7 25.a5 Rf5 26.Be3 Bb5 27.Rc1 Rd5 28.h3 Rad7 29.Rxe6 c4
30.Kh2 Kf7 31.Rb6 c3 32.Ra1 Be2 33.Rc6 Rb5 34.Rxc3 Rb4 35.Bc5 Rc4 36.Rxc4 Bxc4
37.Ra4 Bd5 38.Rf4+ Ke6 39.c4 Bc6 40.Rh4 h6 41.Rg4 Kf7 42.h4 Ba4 43.Bd4 Kg8
44.Be5 Re7 45.f4 Bc2 46.Rg3 h5 47.Kg1 g6 48.c5 Re6 49.Rc3 Be4 50.Rb3 Rc6
51.Bd6 Kf7 52.Re3 Bd5 53.Kf2 Rc8 54.Re7+ Kf6 55.Ra7 Rc6 56.g3 Bh1 57.Ke3 Bg2
58.Kd4 Bf3 59.Rh7 Bg2 60.Rh8 Bf3 61.Rf8+ Ke6 62.Be5 Bg2 63.Bg7 Bh3 64.Bh6 Ke7
65.Ra8 Bg2 66.Ra7+ Ke6 67.Bf8 Kf6 68.Bd6 Ke6 69.Bc7 Bf3 70.Bb6 Bg2 71.Rxa6  1-0

[Event "20th ZMDI Open A"]
[Site "Dresden GER"]
[Date "2011.08.14"]
[Round "9.9"]
[White "Heberla,B"]
[Black "Andre,G"]
[Result "1-0"]
[WhiteElo "2539"]
[BlackElo "2368"]

1.e4 e6 2.d4 d5 3.Nc3 Bb4 4.e5 Ne7 5.Nf3 c5 6.dxc5 Nbc6 7.Bd3 Ng6 8.O-O Ngxe5
9.Nxe5 Nxe5 10.Bf4 Bxc3 11.bxc3 Nxd3 12.cxd3 O-O 13.Bd6 Re8 14.d4 b6 15.f4 Qf6
16.Rf3 Ba6 17.Qa4 Bc4 18.Rg3 Qf5 19.Re1 Red8 20.Bc7 Rdc8 21.Be5 g6 22.Qd7 bxc5
23.dxc5 Rxc5 24.Qe7 Rcc8 25.Qh4 Rab8 26.h3 Rb1 27.Kh2 f6 28.Bxf6 Rf8 29.Be5 d4
30.Qh6 Rf7 31.Rg5 Bd5 32.cxd4 Qc2 33.Re2 Qxe2 34.Rxg6+ hxg6 35.Qh8+  1-0

[Event "50th World Juniors"]
[Site "Chennai IND"]
[Date "2011.08.15"]
[Round "13"]
[White "Nitin,S"]
[Black "Rombaldoni,Ax"]
[Result "0-1"]
[WhiteElo "2365"]
[BlackElo "2459"]

1.e4 e6 2.d4 d5 3.Nc3 Bb4 4.e5 b6 5.Qg4 Bf8 6.Nf3 Ba6 7.Bxa6 Nxa6 8.O-O Qd7
9.a4 Ne7 10.a5 b5 11.b3 Nf5 12.Nd1 c5 13.c3 b4 14.cxb4 cxd4 15.Nxd4 Nxd4
16.Qxd4 Bxb4 17.Qg4 O-O 18.h4 Rab8 19.h5 Nc5 20.h6 f5 21.exf6 Rxf6 22.hxg7 Nxb3
23.Bb2 Rg6 24.Qf4 Bd6 25.Be5 Rb4 26.Qxb4 Bxb4 27.Rb1 Nd2  0-1

[Event "12th Kolobrzeg Open"]
[Site "Kolobrzeg POL"]
[Date "2011.08.16"]
[Round "1.2"]
[White "Grabarczyk,B"]
[Black "Kupiak,S"]
[Result "1-0"]
[WhiteElo "2423"]
[BlackElo "1629"]

1.e4 e6 2.d4 d5 3.Nc3 Bb4 4.e5 Ne7 5.Qg4 c5 6.dxc5 Bxc3+ 7.bxc3 Qc7 8.Nf3 Qxc5
9.Bd2 Ng6 10.Bd3 Nc6 11.O-O O-O 12.Qh5 Nce7 13.Rab1 f5 14.exf6 Rxf6 15.Ng5 h6
16.Ne4 dxe4 17.Qxc5 exd3 18.cxd3 b6 19.Qc7 Ba6 20.c4 Rff8 21.Rfe1 e5 22.Re3 Rfc8
23.Qd7 Kh7 24.h4 Rd8 25.Qa4 Bb7 26.h5 Nf4 27.Rxe5 Bc6 28.Qc2 Rf8 29.Bxf4 Rxf4
30.Rxe7 Raf8 31.d4+ Kh8 32.d5 Be8 33.Qc3 R4f6 34.Rxa7 Bxh5 35.Rxb6 R8f7 36.Rxf7 Rxf7  1-0

[Event "3rd Senica Open"]
[Site "Senica SVK"]
[Date "2011.08.23"]
[Round "4.17"]
[White "Kerdik,A"]
[Black "Vogel,Ja"]
[Result "1/2-1/2"]
[WhiteElo "1847"]
[BlackElo "2221"]

1.e4 e6 2.d4 d5 3.Nc3 Bb4 4.e5 b6 5.a3 Bf8 6.Nf3 Ne7 7.h4 Qd7 8.h5 h6 9.Bb5 c6
10.Bd3 Ba6 11.O-O c5 12.Bf4 Nf5 13.dxc5 bxc5 14.b3 Be7 15.Re1 Bxd3 16.Qxd3 Nc6
17.Rad1 Rd8 18.Ne2 O-O 19.Ng3 Nxg3 20.Bxg3 Qc7 21.Bf4 Qa5 22.Bc1 Qb6 23.g4 Rc8
24.g5 hxg5 25.Bxg5 Qd8 26.Bxe7 Nxe7 27.Kh1 Nf5 28.Rg1 c4 29.Qe2 cxb3 30.cxb3 Rc3
31.Rd3 Qc7 32.Nd4 Rxd3 33.Qxd3 Qxe5 34.Nxf5 exf5 35.Rg5 Rc8 36.Rxf5 Rc1+  1/2-1/2

[Event "26th Schwarzacher Open"]
[Site "Schwarzach AUT"]
[Date "2011.08.24"]
[Round "5"]
[White "Schnegg,A"]
[Black "Niedermeier,T"]
[Result "1-0"]
[WhiteElo "1996"]
[BlackElo "2153"]

1.e4 e6 2.d4 d5 3.Nc3 Bb4 4.e5 b6 5.Qg4 Bf8 6.Bg5 Qd7 7.f4 Nc6 8.Nf3 Nge7
9.Bxe7 Nxe7 10.Bd3 Bb7 11.O-O O-O-O 12.a4 a6 13.Ng5 Nf5 14.Bxf5 exf5 15.Qe2 h6
16.Nf3 a5 17.Rfe1 Re8 18.Qe3 Be7 19.e6 fxe6 20.Ne5 Qd6 21.Nb5  1-0

[Event "ch-FRA National B"]
[Site "Caen FRA"]
[Date "2011.08.25"]
[Round "10"]
[White "Fargere,Fr"]
[Black "Apicella,M"]
[Result "0-1"]
[WhiteElo "2492"]
[BlackElo "2540"]

1.e4 e6 2.d4 d5 3.Nc3 Bb4 4.e5 Ne7 5.a3 Bxc3+ 6.bxc3 c5 7.Qg4 O-O 8.Bd3 f5
9.exf6 Rxf6 10.Bg5 Rf7 11.Qh5 g6 12.Qd1 Nbc6 13.Nf3 c4 14.Be2 Bd7 15.h4 Qa5
16.Bd2 Raf8 17.h5 gxh5 18.Rxh5 Ng6 19.Bxc4 e5 20.Be2 e4 21.Nh4 Rxf2 22.c4 Qc7
23.Be3 Qg3 24.Kd2 Bg4  0-1

[Event "Brasschaat Open"]
[Site "Brasschaat BEL"]
[Date "2011.08.27"]
[Round "8.2"]
[White "Gergacz,A"]
[Black "Den Boer,Lennard"]
[Result "1-0"]
[WhiteElo "2436"]
[BlackElo "1958"]

1.e4 e6 2.d4 d5 3.Nc3 Bb4 4.e5 b6 5.Qg4 Bf8 6.Bg5 Qd7 7.h4 h6 8.Be3 Nc6 9.a3 Bb7
10.Bd3 O-O-O 11.f4 h5 12.Qe2 g6 13.Nf3 Nh6 14.O-O Ng4 15.b4 Kb8 16.Rfb1 Rc8
17.Bf2 Ka8 18.Bb5 Qd8 19.Ng5 Qe7 20.Nf3 Nb8 21.a4 c6 22.Bd3 Qc7 23.Qd2 Be7
24.g3 Nxf2 25.Kxf2 Na6 26.a5 b5 27.Ne2 Qd8 28.Kg2 Qf8 29.c3 Qg7 30.Rb2 Rce8
31.Ng5 Bd8 32.Qc2 Bc8 33.Ng1 Rh6 34.N1h3 Reh8 35.Kh2 Qf8 36.Qe2 Qe8 37.Qg2 Bb7
38.Ng1 Qg8 39.N1f3 Bc8 40.Nd2 Bb7 41.Be2 Kb8 42.c4 dxc4 43.Nxc4 Be7 44.Nd6 Bxd6
45.exd6 f6 46.Ne4 Qd8 47.Nc5 Qxd6 48.Nxb7 Kxb7 49.Bxb5 g5 50.Bxa6+ Kxa6 51.b5+ cxb5
52.Rxb5 Qd7 53.Rc5 Rc8 54.Qe2+  1-0

[Event "23rd Schlosspark-Open"]
[Site "Wiesbaden GER"]
[Date "2011.08.27"]
[Round "4.38"]
[White "Larem,P"]
[Black "Busche,S"]
[Result "1/2-1/2"]
[WhiteElo "1914"]
[BlackElo "2079"]

1.e4 e6 2.d4 d5 3.Nc3 Bb4 4.e5 Ne7 5.a3 Bxc3+ 6.bxc3 b6 7.Qg4 Ng6 8.Bg5 Qd7
9.Bd3 Ba6 10.Bxa6 Nxa6 11.Qe2 Qa4 12.Nf3 c5 13.O-O Rc8 14.Rfc1 h6 15.Be3 Ne7
16.g4 cxd4 17.cxd4 Qc4 18.Qd2 Nc6 19.Ne1 Na5 20.Nd3 Qa4 21.Nb2 Qd7 22.Qe2 Nc4
23.Nd1 Nb8 24.f4 Nc6 25.Bf2 Ne7 26.Qd3 h5 27.h3 hxg4 28.hxg4 Ng6 29.Qg3 Nd2
30.Be1 Ne4 31.Qf3 Qa4 32.c3 Qa6 33.Nf2 Nxf2 34.Bxf2 Rc4 35.f5 Nxe5 36.dxe5 Qa4
37.Bd4 Rh4 38.fxe6 f6 39.exf6 gxf6 40.Qxf6 Rxg4+ 41.Kf1 Rc7 42.Qh8+ Ke7 43.Bf6+ Kxe6
44.Re1+ Kf7 45.Qh7+ Kxf6 46.Qxc7 Rf4+ 47.Kg1 Rg4+  1/2-1/2

[Event "7th Dieppe Open A"]
[Site "Dieppe FRA"]
[Date "2011.08.29"]
[Round "2.1"]
[White "Istratescu,A"]
[Black "Borisova,B"]
[Result "1-0"]
[WhiteElo "2645"]
[BlackElo "2089"]

1.e4 e6 2.d4 d5 3.Nc3 Bb4 4.e5 b6 5.Bd2 c6 6.Nce2 Bf8 7.h4 h5 8.Nf4 g6 9.a4 a5
10.Nf3 Ne7 11.g3 Ba6 12.Bh3 Nf5 13.Bxf5 exf5 14.e6 Bd6 15.Ne5 Bxe5 16.exf7+ Kxf7
17.dxe5 Re8 18.Bc3 d4 19.Qxd4 Qxd4 20.Bxd4 c5 21.Bc3 Nc6 22.e6+ Kg8 23.O-O-O Ne7
24.Rd6 b5 25.axb5 Bxb5 26.Rhd1 a4 27.Bf6 Ra7 28.Rb6 a3 29.bxa3 Bc4 30.Rd7  1-0

[Event "10th Izmir Open"]
[Site "Izmir TUR"]
[Date "2011.09.01"]
[Round "1"]
[White "Ayazmali,Gizem"]
[Black "Sumets,A"]
[Result "0-1"]
[WhiteElo "1515"]
[BlackElo "2579"]

1.e4 e6 2.d4 d5 3.Nc3 Bb4 4.e5 Ne7 5.Bd2 b6 6.Nf3 Qd7 7.a3 Bxc3 8.Bxc3 Ba6
9.Bxa6 Nxa6 10.O-O O-O 11.Qd3 Nb8 12.Bb4 h6 13.Bxe7 Qxe7 14.c4 dxc4 15.Qxc4 c6
16.Rac1 Rc8 17.Rfd1 Nd7 18.Nd2 b5 19.Qe2 c5 20.dxc5 Rxc5 21.Rxc5 Qxc5 22.Ne4 Qc6
23.Nd6 a6 24.Qh5 Rf8 25.b4 Qc3 26.Nxb5 axb5 27.Rxd7 Qe1+  0-1

[Event "10th Sunny Beach Open"]
[Site "Sunny Beach BUL"]
[Date "2011.09.01"]
[Round "6.19"]
[White "Draskovic,L"]
[Black "Koepke,C"]
[Result "1-0"]
[WhiteElo "2135"]
[BlackElo "2410"]

1.e4 e6 2.d4 d5 3.Nc3 Bb4 4.e5 Ne7 5.a3 Bxc3+ 6.bxc3 c5 7.Qg4 Qc7 8.Qxg7 Rg8
9.Qxh7 cxd4 10.Ne2 Nbc6 11.f4 dxc3 12.Qd3 d4 13.g3 Bd7 14.Bg2 Nf5 15.O-O O-O-O
16.Rb1 Kb8 17.Be4 b6 18.a4 Bc8 19.Ba3 Bb7 20.Bxf5 exf5 21.Bd6 Rxd6 22.exd6 Qxd6
23.Qxf5 Re8 24.Rbe1 d3 25.Qxd3 Qc5+ 26.Rf2 Re3 27.Qb5 Qe7 28.Qg5 Qe8 29.f5 a6
30.Qf4+ Ka7 31.h3 Re4 32.Qc7 Nd4 33.Rb1 Nb5 34.axb5 Rxe2 35.bxa6 Re1+ 36.Kh2 Qc6
37.Qxc6  1-0

[Event "TCh-POL Ekstraliga"]
[Site "Miedzybrodzie-Zywiec POL"]
[Date "2011.09.03"]
[Round "6.1"]
[White "Kuczynski,R"]
[Black "Panas,P"]
[Result "1/2-1/2"]
[WhiteElo "2498"]
[BlackElo "2186"]

1.e4 e6 2.d4 d5 3.Nc3 Bb4 4.e5 b6 5.a3 Bf8 6.Nf3 Ne7 7.h4 h6 8.h5 a5 9.a4 c6
10.Be2 Ba6 11.O-O Bxe2 12.Qxe2 Na6 13.Bf4 Nc7 14.Nd1 Qd7 15.Ne3 c5 16.c4 cxd4
17.Nxd4 dxc4 18.Qxc4 Ned5 19.Ndc2 Bc5 20.Rad1 Rc8 21.Ng4 Qe7 22.Bc1 Qd7 23.Qe4 Qc6
24.Be3 Be7 25.b3 Qa8 26.Bd4 Nc3 27.Qxa8 Ne2+ 28.Kh2 Nxa8 29.Nge3 Nc3 30.Rd3 Ne4
31.Nc4 O-O 32.Rfd1 Rfd8 33.Be3 Rxd3 34.Rxd3 Bc5 35.f3 Bxe3 36.Rxe3 Nc5 37.N2a3 Kf8
38.Kg3 Ke7 39.Kf2 Nd7 40.Nb5 Rc6 41.Ke2 Rc5 42.Kd3  1/2-1/2

[Event "9th Amantea Open"]
[Site "Amantea ITA"]
[Date "2011.09.04"]
[Round "1"]
[White "Roos,Dav"]
[Black "Drasko,M"]
[Result "1/2-1/2"]
[WhiteElo "2011"]
[BlackElo "2478"]

1.e4 e6 2.Nc3 d5 3.d4 Bb4 4.e5 Ne7 5.a3 Bxc3+ 6.bxc3 c5 7.Qg4 O-O 8.Bd3 f5
9.exf6 Rxf6 10.Bg5 Rf7 11.Bxe7 Rxe7 12.Qg3 Nc6 13.Nf3 Qa5 14.O-O c4 15.Bxh7+ Kxh7
16.Rae1 e5 17.Nxe5 Rxe5 18.dxe5 Bf5 19.Re3  1/2-1/2